| 000 | 00860nam a2200205 a 4500 | ||
|---|---|---|---|
| 005 | 20210219160349.0 | ||
| 008 | 081020s2000 mx r 000 0 spa d | ||
| 035 | _aUPN01000163921 | ||
| 049 | _aUNE | ||
| 080 | _a021: 001.8 EXP. | ||
| 111 | 2 | _aSeminario de metodologías para la evaluación de las infraestructuras de información y experiencias conexas en América Latina (Santiago de Chile: 1981) | |
| 245 | 1 | 0 | _aExperiencias de la UNESCO en la elaboración de metodologías para el diagnóstico de las actividades y los servicios de información para eldesarrollo. |
| 260 | _aParís : UNESCO, 1981. | ||
| 300 | _a10 p. | ||
| 440 | 0 | _aPGI-81/WS/13 | |
| 690 | _aServicios de informacion- Bibliotecas- Archivos | ||
| 690 | _aBibliotecas- Recopilacion de informacion | ||
| 710 | 2 | _aPGI. Programa General de Información y Unisist | |
| 905 | _aUNESCO | ||
| 999 |
_c136034 _d136034 |
||